00684nam a2200229 a 450000100060000000300090000600500170001500800410003201500210007302000180009404000280011204100130014008200170015310000300017024500940020026000580029430000210035250400280037365000180040170000220041985200130044126187CO-ViMGA20230915232149.0141112s2004 ck r 000 u spa d ack - 2010 - xxxx a9788467035476 aCO-ViMGAbspacCO-ViMGA aspa fre04a891.43 M68e1 aMourad, Kenizé, 1942 - 10aEn la ciudad de oro y plata / cKenisé Mourad ; traducción de Paz Pruneda Gozálvez. a[Madrid?] : bEspasa ; Bogotá : bPlaneta, c2010. a415 p. ; 23 cm. aIncluye bibliografía.14aNovela india.1 aPruneda, Paz, tr. 10.668.30